Social Work For UGC-Net/ JRF/SLET & Other Competitive Exams/ (Record no. 185601)

MARC details
000 -LEADER
fixed length control field 00587nam a22001817a 4500
005 - DATE AND TIME OF LATEST TRANSACTION
control field 20220204143818.0
010 ## - LCCN (DPL NO)
LC control number ENG-131412
020 ## - INTERNATIONAL STANDARD BOOK NUMBER
International Standard Book Number 9788178441559
Terms of availability 695.00
035 ## - SYSTEM CONTROL NUMBER
System control number EN-114944
037 ## - SOURCE OF ACQUISITION
Source of stock number/acquisition DBAD
082 ## - DEWEY DECIMAL CLASSIFICATION NUMBER
Classification number 361.305076
100 ## - MAIN ENTRY--PERSONAL NAME
Personal name B, Siddaramu
245 ## - TITLE STATEMENT
Title Social Work For UGC-Net/ JRF/SLET & Other Competitive Exams/
Statement of responsibility, etc Siddaramu B
260 ## - PUBLICATION, DISTRIBUTION, ETC. (IMPRINT)
Place of publication, distribution, etc New Delhi
Name of publisher, distributor, etc K.K. Publications
Date of publication, distribution, etc 2021
270 ## - ADDRESS
Address 4806/24, Bharat Ram Road, Darya Ganj
City New Delhi
Postal code 110002
Electronic mail address info@kkpublications.com
300 ## - PHYSICAL DESCRIPTION
Extent 248p.
Dimensions 22cm(hbk)
942 ## - ADDED ENTRY ELEMENTS (KOHA)
Source of classification or shelving scheme Dewey Decimal Classification
Item type English Books
Classification part 361.305076
Call number suffix SID
Holdings
Withdrawn status Lost status Not for loan Collection code Home library Current library Date acquired Source of acquisition Cost, normal purchase price Full call number Barcode Copy number Cost, replacement price Koha item type
      Non-fiction Ashok Vihar Ashok Vihar 04/02/2022 DBAD/PUB 695.00 361.305076 SID EN-114944 1 695.00 English Books

© Delhi Public Library
Hit Counter
free hit counter